Lyon All-Time Starting XI - Statistics

General Stats
  • This quiz has been taken 68 times
  • The average score is 5 of 13
Answer Stats
Position Player % Correct
MF (2001-09) Juninho
95%
GK (1997-2008) Gregory Coupet
86%
DF (2004-12) Cris
77%
FW (1998-2010) Sidney Govou
64%
DF (2003-13) Anthony Réveillère
54%
12th player (2003-07) Florent Malouda
41%
FW (1960-74) Fleury Di Nallo
32%
FW (1969-78) Bernard Lacombe
25%
MF (2006-11) Jérémy Toulalan
21%
DF (1970-77) Raymond Domenech
14%
MF (1969-83) Serge Chiesa
13%
Coach (1968-76) Aimé Mignot
0%
DF (1970-77) Ljubomir Mihajlović
0%
No matching quizzes found
Score Distribution
Percent of People with Each Score
Percentile by Number Answered
Your Score History
You have not taken this quiz